| 000 | 01009nam2a22002891 4500 | ||
|---|---|---|---|
| 001 | v19\rc\2004874 | ||
| 005 | 20251118181420.3 | ||
| 035 | _a(NLR Aleph) 005089983 | ||
| 090 |
_a7286592 _c7286592 |
||
| 100 | _a20080811d1915 u y0rusy50 ca | ||
| 101 | 0 | _arus | |
| 102 | _aRU | ||
| 105 | _aa z ||||| | ||
| 200 | 0 |
_aТ. 1. [Ч. 1] _hВып. 4 _iРаби Шимон бен-Лукиш. Рав-Аши |
|
| 210 | _d1915 | ||
| 215 |
_a31 с. _cил. |
||
| 461 | 0 |
_1001v19\rc\2004871 _12001#$aМалый еврейский пантеон$eТ. 1-$vТ. 1. [Ч. 1] _97286565 _cОдесса _d1915-1917 _nЖурн. "Колосья" _oТ. 1- _tМалый еврейский пантеон _vТ. 1. [Ч. 1] |
|
| 702 | 0 |
_aШимон-бен-Лукиш _4570 |
|
| 702 | 0 |
_aРав-Аши _4570 |
|
| 801 | 0 |
_aRU _bNLR _gpsbo |
|
| 801 | 0 |
_aRU _bRuMoRGB _2psbo |
|
| 801 | 1 |
_aRU _bProSoft-M _2rusmarc |
|
| 852 |
_aNLR _jР60/Б-2/1(вып. 4) |
||
| 899 |
_aRuMoRGB _jR 102/157 |
||
| 899 |
_aRuMoRGB _j18 1182/ |
||
| 942 | _cBOOK | ||
| 980 | _aNB | ||